| 000 | 00794nam a22002537a 4500 | ||
|---|---|---|---|
| 005 | 20260307091215.0 | ||
| 008 | 260306b |||||||| |||| 00| 0 eng d | ||
| 020 | _a9788192107592 | ||
| 040 | _cAL | ||
| 041 | _aEnglish | ||
| 082 |
_a005.73 _bKARD |
||
| 100 |
_aNarasimha Karumanchi _9258110 |
||
| 245 | _aData structures and algorithmic thinking with python | ||
| 260 |
_aHyderabad _bCareer Monk Publications _c2022 |
||
| 300 |
_a467P. _bPB _c28x20cm. |
||
| 365 |
_aABDI/0854/26 _b₹749.25 _c₹ _d₹999.00 _e25% _f19-02-2026 |
||
| 650 |
_aData Structures _9258104 |
||
| 650 |
_aAlgorithmic Puzzles _9258105 |
||
| 650 |
_aAlgorithm Design Techniques _9258106 |
||
| 650 |
_aConcepts _9258107 |
||
| 650 |
_aInterview Questions _9258108 |
||
| 650 |
_aProblems _9258109 |
||
| 942 |
_2ddc _cBK |
||
| 999 |
_c241008 _d241008 |
||